Indo-European languages - Sudden Death - Statistics

General Stats
  • This quiz has been taken 184 times
    180 since last reset
  • The average score is 14 of 25
Answers on the Grid
Answers color-coded by a green-red scale on the quiz's grid according to % correct below.
Afrikaans
Albanian
Arabic
Aramaic
Armenian
Azeri
Basque
Bengali
Burmese
Chechen
Egyptian
English
Estonian
Etruscan
Finnish
French
Georgian
Greek
Greenlandic
Hebrew
Hindi
Hittite
Hungarian
Icelandic
Iranian
Irish
Kannada
Kazakh
Konkani
Kurdish
Latin
Luri
Maltese
Mongolian
Nepali
Pashto
Phoenician
Romanian
Russian
Sanskrit
Spanish
Sumerian
Swedish
Tajik
Tamil
Tatar
Telugu
Thai
Tibetan
Turkish
Vietnamese
Yiddish
 
Answer Stats
Answer % Correct
Afrikaans
91%
Albanian
90%
English
85%
Armenian
76%
French
74%
Bengali
71%
Greek
64%
Icelandic
60%
Hindi
58%
Irish
56%
Swedish
56%
Latin
54%
Romanian
54%
Russian
54%
Spanish
54%
Nepali
51%
Sanskrit
48%
Yiddish
48%
Pashto
46%
Iranian
45%
Kurdish
43%
Tajik
41%
Konkani
36%
Luri
35%
Hittite
31%
No matching quizzes found
Score Distribution
Percent of People with Each Score
Percentile by Number Answered
Your Score History
You have not taken this quiz since the last reset